000 00433nam a2200157Ia 4500
008 160316s1997 xxu||||| |||| 00| 0 eng d
082 _a1.642400
_bPAP
100 _aPappas Chris H
245 _aVisual c ++ 5 : The complete reference
250 _a
260 _aNew Delhi
_bTata Mc-Graw Hill Co.
_c1997
300 _a967p
_b
_c
365 _b350/-
650 _a1. Computer Programmes - Visual c ++ 5
700 _aMurray William
_a
999 _c11733
_d11733